Statistics for Countries Losing the Most Area to the Mercator Projection

Click here to take the quiz!

General Stats

  • This quiz has been taken 12,868 times
  • The average score is 16 of 20

Answer Stats

km²%Country% Correct
5.65 m66.4Brazil
95%
1.97 m62.2India
92%
4.89 m50.8China
91%
1.60 m68.0D. R. Congo
89%
4.62 m60.1Australia
88%
2.63 m27.6United States
88%
1.31 m68.4Indonesia
87%
1.41 m50.7Argentina
86%
1.21 m61.6Mexico
84%
1.43 m60.0Algeria
81%
0.78 m68.0Colombia
79%
0.85 m67.2Niger
78%
0.86 m66.9Peru
78%
1.41 m65.6Saudi Arabia
78%
1.24 m65.8Sudan
77%
0.85 m66.0Chad
76%
0.92 m55.6Iran
74%
1.10 m62.8Libya
71%
0.80 m64.5Mali
71%
0.83 m66.5Angola
60%

Score Distribution

Percentile by Number Answered

Percent of People with Each Score

Your Score History

You have not taken this quiz